Brawl Stars: Name all Brawlers - Statistics

General Stats
  • This quiz has been taken 12 times
  • The average score is 11 of 22
Answer Stats
Rarity Name Rarity Name Rarity Name Rarity Name % Correct
Starter Shelly Epic Angelo Epic Pam Mythic Squeak
100%
Rare Colt Epic Lola Mythic Melodie Mythic Tara
80%
Rare El primo Epic Hank Mythic Ollie Mythic Lou
80%
Rare Poco Epic Pearl Epic Bo Mythic Byron
80%
Rare Rosa Epic Larry and Lawrie Epic Piper Mythic Ruffs
70%
Rare Barley Epic Mandy Mythic Moe Mythic Max
60%
Rare Bull Epic Bonnie Mythic Lily Mythic Gene
60%
Super Rare Dynamike Epic Nani Mythic Buster Legendary Amber
60%
Rare Nita Epic Maisie Mythic Juju Mythic Sprout
60%
Super Rare Tick Epic Stu Mythic Willow Legendary Cordelius
60%
Rare Brock Epic Sam Mythic Clancy Mythic Mr P
50%
Super Rare Carl Epic Belle Mythic Doug Legendary Kit
50%
Super Rare Gus Epic Ash Mythic Mico Mythic Mortis
50%
Super Rare Jessie Epic Gale Mythic Otis Legendary Surge
50%
Super Rare Rico Epic Emz Mythic Janet Legendary Sandy
50%
Super Rare Darryl Epic Colette Mythic Gray Legendary Meg
40%
Super Rare Jacky Epic Griff Mythic Charlie Legendary Kenji
40%
Super Rare Penny Epic Edgar Mythic R-T Legendary Chester
40%
Super Rare 8-bit Epic Grom Mythic Chuck Legendary Draco
30%
Epic Berry Epic Frank Mythic Buzz Legendary Spike
10%
Epic Meeple Epic Bea Mythic Eve Legendary Leon
10%
Epic Shade Epic Bibi Mythic Fang Legendary Crow
10%
No matching quizzes found
Score Distribution
Percent of People with Each Score
Percentile by Number Answered
Your Score History
You have not taken this quiz